书目信息 |
| 题名: |
李协勤笛子曲论集
|
|
| 作者: | 李协勤 著 | |
| 分册: | ||
| 出版信息: | 北京 人民音乐出版社 2003 |
|
| 页数: | 98页 | |
| 开本: | 30cm | |
| 丛书名: | ||
| 单 册: | ||
| 中图分类: | J648.11 , J632.11-53 | |
| 科图分类: | ||
| 主题词: | 笛子--吹奏法--文集 , 笛子 , 笛子--器乐曲--中国--现代--选集 , 吹奏法 , 器乐曲 | |
| 电子资源: | ||
| ISBN: | 7-80129-100-X | |
| 000 | 00868nam0 2200277 450 | |
| 001 | 002567845 | |
| 005 | 20070806093909.35 | |
| 010 | @a7-80129-100-X@dCNY13.10 | |
| 100 | @a20040202d2003 em y0chiy0110 ea | |
| 101 | 0 | @achi |
| 102 | @aCN@b110000 | |
| 105 | @ag z 000yy | |
| 200 | 1 | @a李协勤笛子曲论集@9li xie qin di zi qu lun ji@f李协勤著 |
| 210 | @a北京@c人民音乐出版社@c华乐出版社@d2003 | |
| 215 | @a98页@d30cm | |
| 330 | @a本书包括乐曲和论文两部分,收入了《草原的早晨》、《打起湖草唱起歌》等九首乐曲,《笛子的性能、技巧及在乐队中的作用》等四篇论文。 | |
| 606 | 0 | @a笛子@x吹奏法@j文集 |
| 606 | 0 | @a笛子 |
| 606 | 0 | @a笛子@x器乐曲@y中国@z现代@j选集 |
| 606 | 0 | @a吹奏法 |
| 606 | 0 | @a器乐曲 |
| 690 | @aJ648.11@v4 | |
| 690 | @aJ632.11-53@v4 | |
| 701 | 0 | @a李协勤@9li xie qin@f(1936~)@4著 |
| 801 | 0 | @aCN@bNLC@c20070806 |
| 905 | @a10447@dJ648.11@e130 | |
| 李协勤笛子曲论集/李协勤著.-北京:人民音乐出版社:华乐出版社,2003 |
| 98页;30cm |
| ISBN 7-80129-100-X:CNY13.10 |
| 本书包括乐曲和论文两部分,收入了《草原的早晨》、《打起湖草唱起歌》等九首乐曲,《笛子的性能、技巧及在乐队中的作用》等四篇论文。 |
| ● |
| 相关链接 |
|
|
|
|
正题名:李协勤笛子曲论集
索取号:J648.11/130
 
预约/预借
| 序号 | 登录号 | 条形码 | 馆藏地/架位号 | 状态 | 备注 |
| 1 | 0806326 | 208063263 | 第一样本阅览室/ [索取号:J648.11/130] | 在馆 | |
| 2 | 0806327 | 208063272 | 第一借阅区/ [索取号:J648.11/130] | 在馆 | |
| 3 | 0806328 | 208063281 | 第一借阅区/ [索取号:J648.11/130] | 在馆 | |
| 4 | 0806329 | 208063290 | 第一借阅区/ [索取号:J648.11/130] | 在馆 | |
| 5 | 0806330 | 208063307 | 第一借阅区/ [索取号:J648.11/130] | 在馆 | |
| 6 | 0806331 | 208063316 | 第一借阅区/ [索取号:J648.11/130] | 在馆 | |
| 7 | 0806332 | 208063325 | 第一借阅区/ [索取号:J648.11/130] | 在馆 | |
| 8 | 0806333 | 208063334 | 密集书库-音乐系/ [索取号:J648.11/130] | 在馆 | |
| 9 | 0806334 | 208063343 | 密集书库-音乐系/ [索取号:J648.11/130] | 在馆 | |
| 10 | 0806335 | 208063352 | 密集书库-音乐系/ [索取号:J648.11/130] | 在馆 |